Statistics for Cajun Quiz

Click here to take the quiz!

General Stats

  • This quiz has been taken 30 times
  • The average score is 12 of 20

Answer Stats

HintAnswer% Correct
European nation of Cajun cultural originFrance
96%
U.S. state with the most CajunsLouisiana
96%
Religion that Cajun culture is centered aroundCatholicism
85%
Song by Hank Williams that is also a dish made with rice and meatJambalaya (On the Bayou)
81%
Stylized illustration of a lily; a symbol of French heritage and culturefleur-de-lis
78%
What is gumbo?stew
78%
Ethnic group that “Cajun” is slang forAcadians
74%
From 1755-1764, the Cajuns’ ancestors were expelled from these Canadian provincesNew Brunswick | Prince Edward Island | Nova Scotia
70%
A sandwich made of French bread that used to be served to the impoverishedpo-boy
70%
Cajun way of spelling “Go Saints!”{Geaux} Saints!
63%
English translation of laissez les bon temps rouler Let the good times roll
63%
Name one of the the three foods in the “holy trinity” of Cajun cookingOnion | Bell Pepper | Celery
56%
Name for the base and thickening agent of several Cajun dishesroux
52%
Sausage casing filled with dirty riceBoudin
44%
Exclamation used when one sees something cute; means “dear” in frenchcher
44%
What is fais do-do?a Cajun dance party
41%
Instrument that features predominantly in Cajun musicFiddle
37%
Werewolf featured in Cajun folklore that hunts down and kills Catholics that do not follow the rules of LentRougarou
30%
French name for the Monday before Mardi GrasLundi Gras
26%
Cajun faith healerTraiteur
15%

Score Distribution

Percentile by Number Answered

Percent of People with Each Score

Your Score History

You have not taken this quiz